Domande generali sulla filosofia - Statistics

Statistiche generali
  • Questo quiz è stato fatto 960 volte
  • Il punteggio medio è 6 su 15
Statistiche sulle risposte
Domanda Risposta % Corretto
Chi, tra questi filosofi, viene arso vivo per il suo pensiero? Giordano Bruno
77%
Quali sono gli unici bisogni, che, secondo Epicuro, bisogna soddisfare? Necessari e naturali
67%
Quali animali rappresentano le virtù, che il principe deve avere, secondo Machiavelli? La volpe e il leone (astuzia e forza)
60%
Quale di queste non è una paura comune agli uomini, tra quelle trattate da Epicuro? Paura di vivere in schiavitù
58%
A chi è dedicato "Il Principe"? Lorenzo de' Medici
51%
Chi scrisse l' "Oratio de hominis dignitate" ? Giovanni Pico della Mirandola
50%
Tramite cosa, secondo Telesio, possiamo conoscere al meglio la natura? Sensi
49%
Chi sviluppa la concezione di "Docta Ignorantia" Nicola Cusano
39%
Quali sono le seconde cause, che, secondo Telesio, agiscono sulla materia e la modificano? Il caldo e il freddo
34%
Chi ha scritto il "Del diritto di guerra e di pace"? Ugo Grozio
33%
Chi tra questi filosofi era Italiano? Marsilio Ficino
28%
Al pensiero di quale filosofo si ricollega il "Mito di Atteone"? Giordano Bruno
27%
Con quale caratteristica della cosmologia aristotelica non concorda Telesio? Esistenza dell'etere
25%
In che hanno viene scritto "Il Principe"? 1513
20%
Quale, tra questi, non è una caratteristica della città utopica di Tommaso Moro? Mancanza dell'istruzione pubblica
17%
Nessun quiz corrispondente trovato
Distribuzione punteggi
Percentuale di utenti per punteggio
Percentile per numero di risposta
I tuoi punteggi nel tempo
Non hai fatto questo quiz